| 000 | 01397nam a2200325 a 4500 | ||
|---|---|---|---|
| 001 | newanswerstooldq00hers | ||
| 003 | CaSfIA | ||
| 005 | 20210118192530.0 | ||
| 007 | cr|||| | ||
| 008 | 851203s1986 flu b 000 0 eng | ||
| 010 | _a 85082439 | ||
| 040 |
_aDLC _cDLC _dBTCTA _dCaSfIA |
||
| 020 | _c$13.95 | ||
| 035 | _a(OCoLC)21149304 | ||
| 050 | 0 | 0 |
_aRB170 _b.H47 1986 |
| 082 | 0 | 0 |
_a616.07/1 _220 |
| 100 | 1 | _aHersey, Harry. | |
| 245 | 1 | 0 |
_aNew answers to old questions : _h[electronic resource] _bthe free radical story / _c[Harry Hersey]. |
| 260 |
_aLake Worth, FL (P.O. Box 1689, Lake Worth 33460) : _bHMHT Corp., _cc1986. |
||
| 300 |
_a180 p. ; _c24 cm. |
||
| 504 | _aBibliography: p. 166-180. | ||
| 650 | 0 |
_aFree radicals (Chemistry) _xHealth aspects. |
|
| 650 | 0 | _aChelation therapy. | |
| 650 | 0 | _aAntioxidants. | |
| 856 | 4 | 1 |
_uhttp://www.archive.org/details/newanswerstooldq00hers _zFree eBook from the Internet Archive |
| 856 | 4 | 2 |
_uhttp://www.openlibrary.org/books/OL2560729M _zAdditional information and access via Open Library |
| 942 | _cEB | ||
| 506 | _fНеобхідна авторизація на https://archive.org/ (створення облікового запису безкоштовно) | ||
| 506 | _fНеобхідна авторизація на https://openlibrary.org/ (створення облікового запису безкоштовно) | ||
| 999 |
_c529808 _d529808 |
||